000 01219nam0a22002291 4500
001 rc\1152801
005 20260407133026.0
035 _a(NLR Aleph) 006398091
090 _a5216780
_c5216780
100 _a20041129d1980 |||y0rusy50 ca
101 0 _arus
102 _aRU
105 _aa |||||||||
200 1 _aОрганизация использования и технического обслуживания автомобильного транспорта колхозов и совхозов
_e(Рекомендации)
_fВсерос. отд-ние ВАСХНИЛ, Всерос. н.-и. и проект.-технол. ин-т механизации и электрификации сел. хоз-ва
210 _aМ.
_cРоссельхозиздат
_d1980
215 _a48 с.
_cил.
_d22
712 0 2 _aВсероссийский научно-исследовательский и проектно-технологический институт механизации и электрификации сельского хозяйства
_cЗерноград
_9487513
_3RU\NLR\AUTH\889995286
801 0 _aRU
_bNLR
_gpsbo
801 1 _aRU
_bELAR
_2rusmarc
852 _aNLR
_j81-6/2833
942 _cBOOK
980 _aNB